| 000 | 01590nam0a2200313 4500 | ||
|---|---|---|---|
| 001 | RU\NLR\BIBL_A\012179005 | ||
| 005 | 20260406232828.0 | ||
| 035 | _a(NLR Aleph) 012179005 | ||
| 090 |
_a12273332 _c12273332 |
||
| 100 | _a20190610d1898 |||y0rusy50 ca | ||
| 101 | 0 | _arus | |
| 102 | _aRU | ||
| 105 | _ay z 000 y | ||
| 200 | 1 | _aПриложения к Смете земских повинностей на 1899 год по Туркестанскому краю | |
| 210 |
_a[Санкт-Петербург _cб. и. _d1898] |
||
| 215 |
_aРазд. паг. _d34 |
||
| 300 | _aВ конце отдельных приложений: И. д. Управляющего Канцелярией Туркестанского Генерал-Губернатора (подпись); Делопроизводитель Афанасьев | ||
| 309 | _aБез тит. л. и обл. | ||
| 606 | 1 |
_aПовинности земские _jДокументы и материалы _yТуркестанский край _92415155 _3RU\NLR\AUTH\6601657638 |
|
| 686 | 3 | _aУ26(28)187.45,011 | |
| 702 | 1 |
_4720 _7ca _8rus _aАфанасьев _bА. М. _cчиновник, канцелярия Туркестан. ген.-губернатора _f19-20 вв. _gАркадий Михайлович _9223970 _3RU\NLR\AUTH\770224026 |
|
| 710 | 0 | 2 |
_aТуркестанский генерал-губернатор _3RU\NLR\AUTH\889985905 _9467448 |
| 852 |
_aNLR _j135/294-339 (6) |
||
| 942 | _cBOOK | ||
| 980 | _aNB | ||